000 00287nam a2200109Ia 4500
001 587555
005 20250717113818.0
008 250717s9999 xx 000 0 und d
245 0 _aW-1 AYŞEGÜL UÇAĞA BİNİYOR
_cGILBERT DELAHAYE
260 _bYAPI KREDİ YAYINLARI
_c2020
300 _b19
999 _c587555
_d587555